| 000 | 00738nam a2200277 a 4500 | ||
|---|---|---|---|
| 999 |
_c2891 _d2891 |
||
| 006 | a||||gr|||| 001 0 | ||
| 007 | ta | ||
| 008 | 190805r20212024xx a|||gr|||| 0|1 ||eng|d | ||
| 020 |
_a9789390577255 _cRs. 965.00 |
||
| 040 |
_aKO _beng |
||
| 041 | 0 | _aeng | |
| 044 | _aii | ||
| 082 | 0 | 4 |
_a658.15 _bP1923 _223 |
| 100 | 1 | _aPandey, I. M. | |
| 245 | 1 | 0 |
_aFinancial Management / _c I. M. Pandey |
| 250 | _a12th ed. | ||
| 260 |
_aNoida : _bPearson India Education Services Pv. Ltd., _c2023, reprinted 2024 |
||
| 300 |
_axxix, 1030 p. : _bill.; _c25 cm. |
||
| 500 | _aIncludes index. | ||
| 650 | 0 |
_aFinance, Personal _vTextbooks |
|
| 650 | 0 |
_aFinance _vTextbooks |
|
| 904 | _aRUDRA_R | ||
| 905 | _aR_RANJAN | ||
| 942 | _cBK | ||